01177nab a22002537a 4500999001500000003000400015005001700019008004100036040000700077100002800084245008600112260007300198300001300271500002600284505025000310505008200560650002300642650001700665650002000682650002500702650002600727773015700753942001300910 c5270d5270OSt20250211121138.0190429b xxu||||| |||| 00| 0 spa d cPJ 96324aMattiello, Franco13aLa estafa en triángulo como supuesto de autoría mediata /cFranco Mattiello. cCiudad Autónoma de Buenos Aires :aThomson Reuters La Ley, b2025. ap. 29-35 aCita: AR/DOC/71/2025. aSumario: I. Introducción. Planteo del problema.— II. El tipo penal de estafa en el derecho argentino.— III. Estafa triangular. Interpretaciones doctrinarias.— IV. Estafa triangular: un supuesto de autoría mediata.— V. Conclusión.  tSi te interesa el texto completo, solicitalo a koha@justierradelfuego.gov.ar  09343aDERECHO PENAL 093035aESTAFA 092999aAUTORÍA 092565aDEFRAUDACIÓN 096325aESTAFA PROCESAL0 0265893164tRevista de derecho penal y criminología. Nº 1 - Febrero 2025dCiudad Autónoma de Buenos Aires : Thomson Reuters La Ley, 2017-x00347914 2udccANA